00695 a2200205 4500001000700000003000400007005001700011008004100028020001800069082001800087100002000105245008200125260003200207300001000239690008100249700002400330942001200354999001500366952010800381133124OSt20220404171814.0  a9781439867570 a515.355bB16D1 aBainov, Drumi D1 aDifferential equations with maximacby Drumi D Bainov and Snezhana G Hristova aBoca RatonbCRC Pressc2011 a302p. aDifferential equations; Maxima and minima; Differential equations, Nonlinear aHristova,Snezhana G 2ddccBK c7450d7450 00102ddc40708TXBaCURAJbCURAJd2012-08-25eMTHl0o515.355 B16Dp10601r2024-11-21w2020-09-02yBK